Discurso del señor Presidente Dr. Aristides Royo en las Naciones Unidas 30 de septiembre de 1981
Guardado en:
| Autor Corporativo: | |
|---|---|
| Formato: | Texto |
| Publicado: |
S.D.:
Secretaría Información y Propaganda
|
| Etiquetas: |
Agregar Etiqueta
Sin Etiquetas, Sea el primero en etiquetar este registro!
|
MARC
| LEADER | 00000 a a2200000 04500 | ||
|---|---|---|---|
| 001 | 20816 | ||
| 003 | |||
| 040 | |||
| 090 | |a 089000 | ||
| 110 | |a PRD. Secretaría Información y Propaganda | ||
| 245 | |a Discurso del señor Presidente Dr. Aristides Royo en las Naciones Unidas 30 de septiembre de 1981 | ||
| 260 | |a S.D.: |b Secretaría Información y Propaganda | ||
| 300 | |a 31 p. | ||
| 999 | |c 1810 |d 1810 | ||
